|
|
|
|
| LEADER |
00000cam a2200000 7i4500 |
| 001 |
0000003186 |
| 005 |
20050310.0 |
| 020 |
0 |
0 |
|a 0851994512
|
| 090 |
0 |
0 |
|a 333.751370913
|b AGR
|
| 245 |
0 |
0 |
|a Agricultural technologies and tropical deforestation
|c edited by A. Angelsen and D. Kaimowitz.
|
| 260 |
0 |
0 |
|a Wallingford, Oxon, UK
|a New York, NY, USA :
|b CABI Pub. in association with Center for International Forestry Research ,
|c 2001.
|
| 300 |
|
|
|a xiv, 422 p. :
|b ill., map ;
|c 24 cm.
|
| 500 |
0 |
0 |
|a Based on papers presented at a workshop held in Turrialba, Costa Rica, Mar. 11-13, 1999.
|
| 650 |
0 |
0 |
|a Agriculture
|x Technology transfer
|z Tropics - Congresses
|
| 650 |
0 |
0 |
|a Deforestation
|x Control
|z Tropics -Congresses.
|
| 650 |
0 |
0 |
|a Deforestation
|z Tropics - Congresses
|
| 700 |
1 |
1 |
|a Angelsen, Arild.
|
| 700 |
1 |
1 |
|a Kaimowitz, David.
|
| 710 |
2 |
1 |
|a Center for International Forestry Research.
|
| 999 |
|
|
|a 0000006140
|b Monograph
|c Open Shelf
|e Default branch
|